LEADER 01009nam0-22003251i-450- 001 990005521720403321 005 20100421112101.0 035 $a000552172 035 $aFED01000552172 035 $a(Aleph)000552172FED01 035 $a000552172 100 $a19990604d1953----km-y0itay50------ba 101 0 $aspa 105 $ay-------001yy 200 1 $aHISTORIA de España$eEstudios publicados en la revista Arbor, [Rafael Calvo Serer, Luis de Hoyos Sàinz$fAntonio Garcfa y Bellido...et al.] 210 $aMadrid$c[s.n.]$d1953 215 $aXVI, 766 p.$d24 cm 610 0 $aSPAGNA$aStoria 676 $a946$v21$zita 702 1$aCalvo Serer,$bRafael 702 1$aGarcía y Bellido,$bAntonio 702 1$aHoyos Sáinz,$bLuis : de 801 0$aIT$bUNINA$gRICA$2UNIMARC 901 $aBK 912 $a990005521720403321 952 $a946 CAL 1$bST.MED.MOD. 5596$fFLFBC 952 $a946 CAL 1 (BIS)$bFil. Mod. 11707$fFLFBC 959 $aFLFBC 996 $aHISTORIA de Espana$9488803 997 $aUNINA LEADER 01284nam--2200409---450- 001 990000279030203316 005 20080513173819.0 010 $a88-324-4073-3 035 $a0027903 035 $aUSA010027903 035 $a(ALEPH)000027903USA01 035 $a0027903 100 $a20001019d2000----km-y0itay0103----ba 101 0 $aita 102 $aIT 105 $a||||||||001yy 200 1 $aCapitolato speciale tipo per opere edili e bioedilizia$eaggiornato con il decreto 19 aprile 2000, n. 145 ...$fStefano Bruno 205 $a2. ed 210 $aMilano$cIl sole 24 ore$dcopyr. 2000 215 $aXVI, 218, 15 p.$d30 cm 225 2 $aOpere edili e bioedilizia 410 0$12001$aOpere edili e bioedilizia 606 $aEdilizia$xCapitolati di appalto 676 $a692.8 700 1$aBRUNO,$bStefano$024881 801 0$aIT$bsalbc$gISBD 912 $a990000279030203316 951 $a692.8 BRU$b26969 G.$c692$d00007112 959 $aBK 969 $aTEC 979 $aTAMI$b40$c20001019$lUSA01$h1246 979 $c20001110$lUSA01$h1716 979 $c20020403$lUSA01$h1636 979 $aPATRY$b90$c20040406$lUSA01$h1620 979 $aPATRY$b90$c20080513$lUSA01$h1738 996 $aCapitolato speciale tipo per opere edili e bioedilizia$979270 997 $aUNISA LEADER 03435nam 22006495 450 001 9910383828303321 005 20200701201959.0 010 $a3-030-34359-6 024 7 $a10.1007/978-3-030-34359-0 035 $a(CKB)4100000010770960 035 $a(DE-He213)978-3-030-34359-0 035 $a(MiAaPQ)EBC6142304 035 $a(PPN)243228317 035 $a(EXLCZ)994100000010770960 100 $a20200319d2020 u| 0 101 0 $aeng 135 $aurnn|008mamaa 181 $ctxt$2rdacontent 182 $cc$2rdamedia 183 $acr$2rdacarrier 200 10$aOptical Communications $eComponents and Systems /$fby Martin Sibley 205 $a3rd ed. 2020. 210 1$aCham :$cSpringer International Publishing :$cImprint: Springer,$d2020. 215 $a1 online resource (XVII, 250 p. 98 illus.) 311 $a3-030-34358-8 330 $aThe long-awaited third edition of this classic textbook provides a genuinely accessible introduction to the principles and technology of optical communication systems. It takes the reader from the fundamentals of light propagation in optical fibre, through materials and fabrication methods, light sources and modulation, to photodiodes and receiver design, and concludes with a chapter looking at system level integration. Updated throughout, major changes for this third edition include: - coverage of advanced semiconductor laser diode structures (VCSELs and DFBs) - an extended section on fibre amplifiers and lasers - updated discussion of avalanche photodiode structures - expanded coverage of transimpedance and optical preamplifiers - new sections on free-space optical links, VLC, ethernet links, coherent detection and terabit systems Enhanced with worked examples and end-of-chapter problem sets, the book is aimed at advanced undergraduate and graduate students in electronic engineering, optical science and applied physics, and is ideally suited for adoption as a course text. 606 $aMicrowaves 606 $aOptical engineering 606 $aLasers 606 $aPhotonics 606 $aOptical materials 606 $aElectronics$xMaterials 606 $aElectrical engineering 606 $aMicrowaves, RF and Optical Engineering$3https://scigraph.springernature.com/ontologies/product-market-codes/T24019 606 $aOptics, Lasers, Photonics, Optical Devices$3https://scigraph.springernature.com/ontologies/product-market-codes/P31030 606 $aOptical and Electronic Materials$3https://scigraph.springernature.com/ontologies/product-market-codes/Z12000 606 $aCommunications Engineering, Networks$3https://scigraph.springernature.com/ontologies/product-market-codes/T24035 615 0$aMicrowaves. 615 0$aOptical engineering. 615 0$aLasers. 615 0$aPhotonics. 615 0$aOptical materials. 615 0$aElectronics$xMaterials. 615 0$aElectrical engineering. 615 14$aMicrowaves, RF and Optical Engineering. 615 24$aOptics, Lasers, Photonics, Optical Devices. 615 24$aOptical and Electronic Materials. 615 24$aCommunications Engineering, Networks. 676 $a621.3827 700 $aSibley$b Martin$4aut$4http://id.loc.gov/vocabulary/relators/aut$0742727 801 0$bMiAaPQ 801 1$bMiAaPQ 801 2$bMiAaPQ 906 $aBOOK 912 $a9910383828303321 996 $aOptical communications$91476176 997 $aUNINA